| 000 | 00849nam a2200229 i 4500 | ||
|---|---|---|---|
| 001 | 112506 | ||
| 003 | ES-MaACL | ||
| 005 | 20251124114355.0 | ||
| 007 | t| | ||
| 008 | 061121s1905 sp r ||||1| spa d | ||
| 080 | _a9.46.0"1885/1902" | ||
| 100 | 1 |
_aOrtega Rubio, Juan, _d1845-1921 _987490 |
|
| 245 | 1 | 0 |
_aHistoria de la regencia de María Cristina Habsbourg-Lorena / _cJuan Ortega y Rubio. |
| 260 |
_aMadrid : _bF. González Rojas, _c1905. |
||
| 300 |
_a5 v. : _blám. col. ; _c25 cm. |
||
| 530 | _aDisponible en formato digital. | ||
| 651 | 4 |
_aEspaña- _xHistoria- _y1885-1902, Regencia de Maria Cristina de Habsburgo. _98270 |
|
| 852 |
_aES-MaACL _jR-3558-62 _dOlim: C-2356-60 _cDEPO1 |
||
| 856 | 4 |
_uhttp://bdh-rd.bne.es/viewer.vm?id=0000040126&page=1 _z(Biblioteca Digital Hispánica) |
|
| 942 | _2udc | ||
| 999 |
_c112506 _d112506 |
||